Trends in applications of mathematics to mechanics / (Record no. 160094)

MARC details
000 -LEADER
fixed length control field 00957pam a2200277 a 4500
008 - FIXED-LENGTH DATA ELEMENTS--GENERAL INFORMATION
fixed length control field
020 ## - INTERNATIONAL STANDARD BOOK NUMBER
International Standard Book Number 0582058228 (hbk.)
090 ## - LOCALLY ASSIGNED LC-TYPE CALL NUMBER (OCLC); LOCAL CALL NUMBER (RLIN)
Classification number (OCLC) (R) ; Classification number, CALL (RLIN) (NR) QA801
Local cutter number (OCLC) ; Book number/undivided call number, CALL (RLIN) SYM
003 - CONTROL NUMBER IDENTIFIER
control field
005 - DATE AND TIME OF LATEST TRANSACTION
control field 20230123134113.0
040 ## - CATALOGING SOURCE
Transcribing agency NUST
049 ## - LOCAL HOLDINGS (OCLC)
Holding library MAIN
245 10 - TITLE STATEMENT
Title Trends in applications of mathematics to mechanics /
Statement of responsibility, etc. edited by W. Schneider, H. Troger, and F. Ziegler.
260 ## - PUBLICATION, DISTRIBUTION, ETC.
Place of publication, distribution, etc. Essex :
Name of publisher, distributor, etc. Longman Scientific & Technical,
Date of publication, distribution, etc. 1991.
300 ## - PHYSICAL DESCRIPTION
Extent 356 p. :
Other physical details ill. ;
Dimensions 25 cm.
440 #0 - SERIES STATEMENT/ADDED ENTRY--TITLE
Title Interaction of mechanics and mathematics series,
International Standard Serial Number 0962-4589
504 ## - BIBLIOGRAPHY, ETC. NOTE
Bibliography, etc. note Includes bibliographical references.
650 #0 - SUBJECT ADDED ENTRY--TOPICAL TERM
Topical term or geographic name entry element Mechanics
General subdivision Congresses.
650 #0 - SUBJECT ADDED ENTRY--TOPICAL TERM
Topical term or geographic name entry element Mathematics
General subdivision Congresses.
700 1# - ADDED ENTRY--PERSONAL NAME
Personal name Schneider, Wilhelm.
700 1# - ADDED ENTRY--PERSONAL NAME
Personal name Troger, H.
700 1# - ADDED ENTRY--PERSONAL NAME
Personal name Ziegler, Franz.
710 2# - ADDED ENTRY--CORPORATE NAME
Corporate name or jurisdiction name as entry element International Society for the Interaction of Mechanics and Mathematics.
907 ## - LOCAL DATA ELEMENT G, LDG (RLIN)
a .b10176111
b 04-03-22
c 20-09-05
942 ## - ADDED ENTRY ELEMENTS (KOHA)
Koha item type Ordinary Loan Books
Call number prefix QA801
Call number suffix SYM
Holdings
Date last seen Total Checkouts Full call number Barcode Cost, replacement price Price effective from Koha item type Lost status Source of classification or shelving scheme Damaged status Not for loan Collection Withdrawn status Home library Current library Shelving location Date acquired Cost, normal purchase price
01/23/2023 2 QA801 TRE 92003014783 80.00 01/23/2023 BOOKS   LCC     NFIC   MAIN MAIN GEN 01/23/2023 80.00